Welcome to CU Library Online Public Access Catalogue (OPAC)

Unlocking constitutional and administrative law (Record no. 5631)

MARC details
000 -LEADER
fixed length control field 00471nam a22001697a 4500
005 - DATE AND TIME OF LATEST TRANSACTION
control field 20250503132745.0
008 - FIXED-LENGTH DATA ELEMENTS--GENERAL INFORMATION
fixed length control field 250503b |||||||| |||| 00| 0 eng d
020 ## - INTERNATIONAL STANDARD BOOK NUMBER
International Standard Book Number 9780340816066
050 ## - LIBRARY OF CONGRESS CALL NUMBER
Classification number KD3989
Item number .R93
100 ## - MAIN ENTRY--PERSONAL NAME
Personal name Mark Ryan
245 ## - TITLE STATEMENT
Title Unlocking constitutional and administrative law
Statement of responsibility, etc. Mark Ryan
260 ## - PUBLICATION, DISTRIBUTION, ETC.
Place of publication, distribution, etc. London
Name of publisher, distributor, etc. Hodder Arnold
Date of publication, distribution, etc. c2007
300 ## - PHYSICAL DESCRIPTION
Extent xliv, 691p;
Other physical details ill.
500 ## - GENERAL NOTE
General note Includes index
700 ## - ADDED ENTRY--PERSONAL NAME
Personal name Mark Ryan
Relator term Contributor
942 ## - ADDED ENTRY ELEMENTS (KOHA)
Source of classification or shelving scheme Library of Congress Classification
Koha item type Books
Suppress in OPAC No
999 ## -
-- 5631
-- 5631
Holdings
Withdrawn status Lost status Source of classification or shelving scheme Damaged status Not for loan Collection Home library Current library Shelving location Date acquired Total checkouts Full call number Barcode Date last seen Price effective from Koha item type
    Library of Congress Classification     Non-fiction Law Library (Kumasi) Law Library (Kumasi) General stacks 05/03/2025   KD3989.R93 llk00000104 05/03/2025 05/03/2025 Books
© 2023-2024 Copyright: Central University Libraries. All Rights Reserved | Created by: Mahone Tech Office